BIBLIOTHÈQUE DE LA MAISON DU MEXIQUE

Logo 1 Logo 2

Jardín de cactus (notice nᵒ 357)

détails MARC
000 -Sello discográfico
campo de control de longitud fija 00839nam a2200301 4500
005 - Identificación de versión
campo de control 20251017062705.0
010 ## - Número Estándar Internacional de Libros (ISBN)
Número (ISBN) 968-6332-14-6
035 ## - Otros números de control del sistema
Número de control del sistema 19587
099 ## - fechas locales
Tipo de ítem Koha LIBRO
100 ## - Datos de procesamiento general
Datos de procesamiento general 19940920d1991 m y1spay5003 ba
105 ## - Campo de datos codificados: Material textual, monográfico
Datos codificados de monografía y 001gy
200 1# - Título y mención de responsabilidad
Título propio Jardín de cactus
Designación general del material texto impreso
Primer mención de responsabilidad Víctor de la Cruz
205 ## - Declaración de edición
Declaración de edición 1a ed
210 ## - Publicación, distribución, etc.
Lugar de publicación, distribución, etc. México
Nombre del editor, distribuidor, etc. Ediciones Toledo
Fecha de publicación, distribución, etc. 1991
215 ## - Descripción física
Designación de material específico y extensión del ítem 44 p
Dimensiones 22 cm
345 ## - Nota de información de adquisición
Fuente de adquisición/dirección de la suscripción [OBSOLETO] Donación de Francisco Toledo
410 #1 - Series
Título Colección Guie' sti' didxazá
606 ## - Término temático usado como materia
Elemento de entrada Poesía mexicana
Subdivisión cronológica Siglo XX
Número Koha 10
660 ## - Código de área geográfica
Código MX
700 ## - Nombre personal - Responsabilidad primaria
Elemento de entrada Cruz Pérez
Parte del nombre distinta del elemento de entrada Víctor de la
Fechas 1948-2015
Número Koha 1109
801 #0 - Fuente de origen
Agencia cm
900 ## -
-- 1/10946
900 ## -
-- 7109446\\\\200994
942 ## - ELEMENTOS DE ENTRADA SECUNDARIOS (KOHA)
Tipo de ítem Koha Livre
996 ## -
-- MEX
-- 751145101
-- MMAG
-- 007306
-- 861.44 C957J
-- 20230202LIV
Exemplaires
Estatus retirado Estado de daño Estado de pérdida Fecha de adquisición Biblioteca de origen Biblioteca actual Ubicación en estantería Código de barras Precio de reemplazo Signatura topográfica completa No para préstamo Tipo de ítem Koha Nota pública Nota no pública
      05/08/2025 Casa México Paris Casa México Paris   007306 05/08/2025 861.44 C957J   Livre 20230202LIV 751145101